|
|
|
|
| LEADER |
00717cam a2200205 7i4500 |
| 001 |
0000124108 |
| 005 |
20151006090000.0 |
| 008 |
151006 my mdr |
| 020 |
# |
0 |
|a 9789834608385
|
| 090 |
0 |
0 |
|a QK 938 .F6
|b K4 2013
|
| 100 |
0 |
# |
|a Khairuddin Hj. Kamaruddin
|
| 245 |
1 |
0 |
|a Hutan hujan tropika semenanjung Malaysia
|c Khairuddin Hj. Kamaruddin.
|
| 260 |
# |
# |
|a Kuala Lumpur:
|b Dewan Bahasa dan Pustaka,
|c 2013.
|
| 300 |
# |
# |
|a 143p.:
|b ill.;
|c 25 cm..
|
| 500 |
# |
# |
|a Mengandungi indeks
|
| 504 |
0 |
0 |
|a Bibliografi : ms. 317
|
| 590 |
# |
# |
|a Perpustakaan Sultanah Nur Zahirah
|
| 650 |
0 |
0 |
|a Rain forests --
|z Malaysia
|
| 650 |
0 |
0 |
|a Rain forest ecology --
|z Malaysia
|
| 999 |
|
|
|a 1100094174
|b Book
|c Open Shelf
|e KOLEKSI TERBUKA
|